|
|
|
|
| LEADER |
00000nab a2200000 a 4500 |
| 001 |
vtls000065812 |
| 003 |
SK-MaSNL |
| 005 |
20260303025130.0 |
| 008 |
111103c1980 xo 0 slo |
| 015 |
|
|
|a SNBRB19rr/mm-uuuuu
|
| 035 |
|
|
|a CL0075912
|
| 040 |
|
|
|a SNKBUCL
|b slo
|c SNKBUCL
|e AACR2
|
| 041 |
0 |
|
|a slo
|
| 044 |
|
|
|a xo
|c SK
|
| 080 |
|
|
|a 73/76
|2 1981
|
| 100 |
1 |
|
|a Chriašteľová, Ľubica,
|d 1948-
|4 aut
|9 5061
|
| 245 |
1 |
0 |
|a Dve výtvarné jubileá
|b Karol Kahoun
|c Ľ. Chriašteľová
|
| 300 |
|
|
|b Obr. 1.
|
| 600 |
1 |
7 |
|a Kahoun, Karol,
|d 1930-2019
|2 snkbucl
|9 86641
|
| 655 |
|
7 |
|a články z novín a časopisov
|2 snkbucl
|9 267496
|
| 773 |
0 |
|
|t Ľud
|g Roč. 33, č. 216 (12. 9. 1980), s. 5
|
| 850 |
|
|
|a Slovenská národná knižnica v Martine
|a MTA001
|
| 852 |
|
|
|a SNK
|b KIS3GCP
|
| 958 |
|
|
|a RK
|
| 992 |
|
|
|a RBX
|
| 999 |
|
|
|c 1644591
|d 1646521
|